000 00440nam a2200133Ia 4500
008 231129s9999||||xx |||||||||||||| ||spa||
020 _a958-9028-82-9
040 _bspa
082 _a332.9 H731f
100 _aHolguin Holguin Carlos
245 0 _aEl fraude de los US
_ 13.5 millones : Proceso de la Republica de Colombia ante la Corte de Londres
264 _aBanco de la Republica
942 _2ddc
_cBKS
999 _c11108
_d11108